000 00864nam a2200253Ia 4500
003 OSt
005 20220923224752.0
006 a|||||r|||| 00| 0
007 ta
008 220922b |||||||| |||| 00| 0 hin d
024 _a249,889
037 _cTextual
040 _aARTS
_cARTS
_bhin
041 _2hin
_ahin
082 _aO152,1:gN5, N1
100 _aमाहेश्वर, सरिता
245 0 _aप्रगतिवाद प्रयोगवाद नयी कविता
246 _aPragativād prayogavād nayī kavitā
260 _aदिल्ली
_b अप्रतिम प्रकाशन
_c1991
300 _a343पृ.
_ccm.
650 _aहिन्दी साहित्य
_9156264
942 _hO152,1:gN5, N1
_cTEXL
_2CC
999 _c373536
_d373536